000 00487nam a2200217Ia 4500
003 OSt
005 20221006141319.0
006 a|||||r|||| 00| 0
007 ta
008 221006b |||||||| |||| 00| 0 eng d
020 _cHK
_8.00
024 _a1,822
037 _cTextual
040 _aEASL
_cEASL
_beng
041 _2eng
_aeng
245 0 _aLu Hsun on the literary struggle
260 _c1957
300 _a188p.
_ccm.
942 _cTEXL
_2CC
999 _c1069908
_d1069908